Daňové úniky na dani z pridanej hodnoty a ich dopad na príjmy štátneho rozpočtu diplomová práca

Na minha lista:
Detalhes bibliográficos
Autor principal: Mikuláš, Marek
Autor Corporativo: Národohospodárska fakulta EU. Katedra financií
Outros Autores: Schultzová, Anna
Formato: Livro
Idioma:eslovaco
Publicado em: Bratislava 2015
Tags: Adicionar Tag
Sem tags, seja o primeiro a adicionar uma tag!

MARC

LEADER 00000nbm a2200000 4500
001 0201059
005 20161212095213.0
041 0 |a slo 
044 |a SK 
245 1 0 |a Daňové úniky na dani z pridanej hodnoty a ich dopad na príjmy štátneho rozpočtu  |b diplomová práca  |c Marek Mikuláš ; školiteľ: Anna Schultzová 
264 1 |a Bratislava  |c 2015 
300 |a 70 s. 
100 1 |a Mikuláš, Marek 
700 1 |a Schultzová, Anna 
710 2 |a Národohospodárska fakulta EU. Katedra financií